000 01240nam a2200265Ia 4500
999 _c53498
_d53498
001 20544
003 GE_BSU
005 20210204123605.0
008 181216s2014||||ge |||||||||||||| ||geo||
020 _a9789939100517
040 _cGE_BSU
041 _ageo
080 _a327(479.22:479.25) A-75
245 _aArmenian - Georgian relations :
_bchallenges and opportunities for the bilateral cooperation.
264 _aYerevan :
_bPolitical science association of Armenia,
_c2014.
300 _a112 p. ;
_c20 cm.
490 _aPolitical science association of Armenia, Center for social sciences.
504 _aბიბლიოგრ. ტექსტის შენიშვნებში
546 _aთავფურცელი და თავფურცლის მე–2 გვ. სომხურ ენაზე
653 _aArmenian - Georgian relations
653 _achallenges and opportunities for the bilateral cooperation
653 _aსაქართველო–სომხეთის საგარეო ურთიერთობები
653 _a სომხეთ–საქართველოს საგარეო ურთიერთობები
942 _cBK
_2udc